000 00283nam a22001337a 4500
008 170613b xxu||||| |||| 00| 0 eng d
020 _a0815622139
041 _aeng
080 _a323
100 _a19
101 _aSHP
245 _aLEBANON IN CRISIS
_cHALEY,P.E
942 _2udc
_cBK
999 _c17160
_d17160